| 000 | 00858cam a2200241 4500 | ||
|---|---|---|---|
| 001 | J119133 | ||
| 008 | 020731n2001 000 0 eng u | ||
| 035 | _a(Sirsi) u119133 | ||
| 041 | _aeng. | ||
| 050 | _a33303324 | ||
| 100 | _aAdair, A. | ||
| 110 |
_aTEGoVA _93466 |
||
| 245 | 3 | _aAn Emerging European Valuation Research Agenda: evidence from the European Real Estate Society and the RICS Cutting Edge Conferences | |
| 260 |
_aTEGoVA _c2001 |
||
| 300 |
_a17p. _c31cm. |
||
| 520 | _aA short paper which examines the contributions of the European Real Estate Society (ERES) and the RICS Cutting Edge conferences to the development of a valuation research agenda in Europe. | ||
| 650 | _aEUROPE | ||
| 690 | _aPROPERTY-PROPERTY APPRAISAL AND VALUATION | ||
| 700 | _aCheng Lim, L. | ||
| 700 | _aCrosby, N. | ||
| 700 | _aWatkins, C. | ||
| 942 | _n0 | ||
| 999 |
_c102259 _d102259 |
||